Teorie podnikatelského objevování a zdanění

Interpretácia štandardnej teórie zdanenia, ktorá vychádza z dokonale konkurenčného rovnovážneho modelu neoklasickej ekonómie, spôsobom vlasným teórii podnikateľského objavovania.

Salvato in:
Dettagli Bibliografici
Autore principale: Otáhal, Tomáš
Altri autori: Pohlodka, Ondřej
Natura: Capitolo di libro
Lingua:ceco
Soggetti:
Tags: Aggiungi Tag
Nessun Tag, puoi essere il primo ad aggiungerne!!

MARC

LEADER 00000naa a2200000 4500
001 0174653
005 20220713131330.0
041 0 |a cze 
044 |a CZ 
245 1 0 |a Teorie podnikatelského objevování a zdanění  |c Tomáš Otáhal, Ondřej Pohlodka 
520 |a Interpretácia štandardnej teórie zdanenia, ktorá vychádza z dokonale konkurenčného rovnovážneho modelu neoklasickej ekonómie, spôsobom vlasným teórii podnikateľského objavovania. 
610 2 0 |a teórie ekonomické 
610 2 0 |a rozhodovanie manažérske 
610 2 0 |a prostredie podnikateľské 
610 2 0 |a zdaňovanie 
610 2 0 |a konkurencia 
610 2 0 |a neoklasicizmus 
100 1 |a Otáhal, Tomáš 
700 1 |a Pohlodka, Ondřej